[Event "GER-ch34 final email"]
[Site "GER email"]
[Date "2005.??.??"]
[Round "?"]
[White "Bergmann, Michael"]
[Black "Glaser, Helmut F"]
[Result "0-1"]
[WhiteElo "2180"]
[BlackElo "2265"]
[PlyCount "88"]
[EventDate "2005.??.??"]
[EventType "tourn (corr)"]
[EventRounds "13"]
[EventCountry "GER"]
[SourceTitle "Corr 2011"]
[Source "ChessBase"]
[SourceDate "2010.08.31"]
[SourceVersion "1"]
[SourceVersionDate "2010.08.31"]
[SourceQuality "1"]

1. e4 c5 2. Nf3 Nc6 3. d4 cxd4 4. Nxd4 Nf6 5. Nc3 e5 6. Ndb5 d6 7. Bg5 a6 8. Na3 b5 9. Bxf6 gxf6 10. Nd5 f5 11. Bxb5 axb5 12. Nxb5 Ra4 13. b4 Rxb4 14. Nbc7+ Kd7 15. 0-0 Rg8 16. Nxb4 Nxb4 17. Nd5 Nxd5 18. Qxd5 Ke7 19. Rab1 Be6 20. Qb7+ Kf6 21. exf5 Bxf5 22. f4 e4 23. Qd5 Qc8 24. Rb5 h5 25. a4 Qe6 26. Qa8 e3 27. Qd8+ Qe7 28. Qa5 Qe4 29. Qd8+ Kg7 30. Qg5+ Kh8 31. Qxh5+ Bh7 32. Qe2 Bg7 33. Kh1 d5 34. Rc5 Bh6 35. Rd1 Qxf4 36. Rcxd5 Qg4 37. Qxg4 Rxg4 38. h3 Rxa4 39. Rc5 e2 40. Re1 Re4 41. Rd5 Bf4 42. Rd8+ Kg7 43. Rd3 Rb4 44. Rc3 Bg6 0-1

[Event "GER-ch34 final email"]
[Site "GER email"]
[Date "2005.??.??"]
[Round "?"]
[White "Glaser, Helmut F"]
[Black "Buessing, Olaf"]
[Result "1/2-1/2"]
[WhiteElo "2265"]
[BlackElo "2242"]
[PlyCount "44"]
[EventDate "2005.??.??"]
[EventType "tourn (corr)"]
[EventRounds "13"]
[EventCountry "GER"]
[SourceTitle "Corr 2011"]
[Source "ChessBase"]
[SourceDate "2010.08.31"]
[SourceVersion "1"]
[SourceVersionDate "2010.08.31"]
[SourceQuality "1"]

1. e4 c5 2. Nf3 d6 3. d4 cxd4 4. Nxd4 Nf6 5. Nc3 a6 6. Bg5 e6 7. f4 Qb6 8. Qd2 Qxb2 9. Nb3 Qa3 10. Bxf6 gxf6 11. Be2 Nc6 12. 0-0 Bd7 13. Kh1 h5 14. Nd1 h4 15. Ne3 b5 16. c4 Rb8 17. Rfc1 h3 18. g3 Be7 19. Rc3 Qb4 20. Nc2 Qa4 21. Nc5 Qa5 22. Nxd7 Kxd7 1/2-1/2

[Event "GER-ch34 final email"]
[Site "GER email"]
[Date "2005.??.??"]
[Round "?"]
[White "Moll, Reinhard"]
[Black "Glaser, Helmut F"]
[Result "1-0"]
[WhiteElo "2293"]
[BlackElo "2265"]
[PlyCount "101"]
[EventDate "2005.??.??"]
[EventType "tourn (corr)"]
[EventRounds "13"]
[EventCountry "GER"]
[SourceTitle "Corr 2011"]
[Source "ChessBase"]
[SourceDate "2010.08.31"]
[SourceVersion "1"]
[SourceVersionDate "2010.08.31"]
[SourceQuality "1"]

1. e4 c5 2. Nf3 Nc6 3. d4 cxd4 4. Nxd4 Nf6 5. Nc3 e5 6. Ndb5 d6 7. Nd5 Nxd5 8. exd5 Nb8 9. c4 a6 10. Nc3 Be7 11. Bd3 0-0 12. 0-0 f5 13. f3 Nd7 14. a3 Bg5 15. b4 b6 16. Qc2 Bxc1 17. Raxc1 Qf6 18. Kh1 Kh8 19. Na4 a5 20. c5 axb4 21. c6 Nc5 22. Nxc5 bxc5 23. axb4 cxb4 24. Rb1 Ra5 25. Bc4 Qh4 26. Qc1 Rc5 27. Rxb4 Re8 28. Qc3 h6 29. Qb3 Kh7 30. Bd3 Qg5 31. Qb1 Kh8 32. Rb8 Rg8 33. Rd1 Qe3 34. Rb3 Qg5 35. Rb5 Rxb5 36. Qxb5 Re8 37. Qb4 Qf6 38. Re1 Kg8 39. f4 e4 40. Be2 Kh7 41. Rf1 g5 42. g3 g4 43. Rd1 Kg6 44. Qd4 Qf7 45. Ra1 Rg8 46. Ra7 Qf8 47. Kg2 h5 48. h4 Kh6 49. Ba6 Bxa6 50. Rxa6 Rg7 51. Rb6 1-0

[Event "GER-ch34 fin email"]
[Site "GER email"]
[Date "2004.??.??"]
[Round "?"]
[White "Rosenkranz, Hartmut"]
[Black "Glaser, Helmut F"]
[Result "1/2-1/2"]
[WhiteElo "2351"]
[BlackElo "2265"]
[PlyCount "39"]
[EventDate "2004.??.??"]
[EventType "tourn (corr)"]
[EventRounds "10"]
[EventCountry "GER"]
[SourceTitle "Corr 2008"]
[Source "ChessBase"]
[SourceDate "2008.06.24"]
[SourceVersion "1"]
[SourceVersionDate "2008.06.24"]
[SourceQuality "1"]

1. d4 Nf6 2. c4 e6 3. Nf3 b6 4. Nc3 Bb4 5. Qb3 c5 6. Bg5 Bb7 7. e3 0-0 8. a3 Ba5 9. dxc5 Na6 10. Qc2 Bxc3+ 11. Qxc3 Nxc5 12. Bxf6 Qxf6 13. Qxf6 gxf6 14. b4 Na4 15. Nd4 a5 16. Rc1 Rfc8 17. Be2 axb4 18. axb4 Nb2 19. 0-0 Be4 20. Nb5 1/2-1/2

[Event "GER-ch35 V3 email"]
[Site "GER email"]
[Date "2003.03.22"]
[Round "?"]
[White "Bergmann, Michael"]
[Black "Glaser, Helmut F"]
[Result "1/2-1/2"]
[WhiteElo "2202"]
[BlackElo "2316"]
[PlyCount "41"]
[EventDate "2003.03.22"]
[EventType "tourn (corr)"]
[EventRounds "10"]
[EventCountry "GER"]
[SourceTitle "Corr 2008"]
[Source "ChessBase"]
[SourceDate "2008.06.24"]
[SourceVersion "1"]
[SourceVersionDate "2008.06.24"]
[SourceQuality "1"]

1. e4 c6 2. d4 d5 3. exd5 cxd5 4. c4 Nf6 5. Nc3 Nc6 6. Nf3 Bg4 7. cxd5 Nxd5 8. Be2 e6 9. h3 Bh5 10. 0-0 Be7 11. Qb3 Qb6 12. Nxd5 Qxb3 13. Nc7+ Kd7 14. axb3 Kxc7 15. Be3 Bd6 16. g4 Bg6 17. Ne5 f6 18. Nxg6 hxg6 19. Kg2 g5 20. Bc4 Bf4 21. Bxe6 1/2-1/2

[Event "GER-ch34 V5 email"]
[Site "GER email"]
[Date "2002.03.23"]
[Round "?"]
[White "Ertl, Rolf"]
[Black "Glaser, Helmut F"]
[Result "1/2-1/2"]
[WhiteElo "2180"]
[BlackElo "2316"]
[PlyCount "57"]
[EventDate "2002.03.23"]
[EventType "tourn (corr)"]
[EventRounds "10"]
[EventCountry "GER"]
[SourceTitle "Corr 2008"]
[Source "ChessBase"]
[SourceDate "2008.06.24"]
[SourceVersion "1"]
[SourceVersionDate "2008.06.24"]
[SourceQuality "1"]

1. e4 c5 2. Nc3 Nc6 3. Nge2 Nd4 4. d3 g6 5. Nxd4 cxd4 6. Ne2 Bg7 7. c3 dxc3 8. Nxc3 d6 9. d4 Nf6 10. Bb5+ Bd7 11. e5 dxe5 12. dxe5 Ng8 13. Qxd7+ Qxd7 14. f4 0-0-0 15. Bxd7+ Rxd7 16. Be3 b6 17. Rc1 Nh6 18. Ke2 Kb7 19. Ne4 Nf5 20. Rhd1 Rhd8 21. Rxd7+ Rxd7 22. g4 Nxe3 23. Kxe3 f6 24. Rf1 fxe5 25. f5 Kc8 26. h4 Kd8 27. fxg6 hxg6 28. Rc1 Rc7 29. Rxc7 1/2-1/2

[Event "GER-ch34 V5 email"]
[Site "GER email"]
[Date "2002.03.23"]
[Round "?"]
[White "Glaser, Helmut F"]
[Black "Regelmann, Juergen"]
[Result "1-0"]
[WhiteElo "2316"]
[BlackElo "2139"]
[PlyCount "83"]
[EventDate "2002.03.23"]
[EventType "tourn (corr)"]
[EventRounds "10"]
[EventCountry "GER"]
[SourceTitle "Corr 2008"]
[Source "ChessBase"]
[SourceDate "2008.06.24"]
[SourceVersion "1"]
[SourceVersionDate "2008.06.24"]
[SourceQuality "1"]

1. Nf3 d5 2. d4 Nf6 3. c4 e6 4. Nc3 c6 5. Bg5 h6 6. Bh4 dxc4 7. e4 g5 8. Bg3 b5 9. Be2 Bb7 10. Ne5 Bg7 11. h4 Nfd7 12. Ng4 b4 13. Na4 c5 14. Nxc5 Nxc5 15. dxc5 Nd7 16. Qa4 Rc8 17. 0-0-0 Rxc5 18. Qxb4 Qb6 19. Qxb6 axb6 20. hxg5 hxg5 21. Rxh8+ Bxh8 22. Bd6 Ra5 23. Bxc4 Bxe4 24. f3 Bg6 25. Rd2 Kd8 26. Bb4 Ra7 27. Bb5 f5 28. Ne3 Be5 29. Kd1 Bf4 30. Rd3 Bxe3 31. Rxe3 Bf7 32. Rd3 e5 33. a4 g4 34. fxg4 fxg4 35. Bd6 Kc8 36. Kd2 Bg6 37. Rc3+ Kd8 38. Rc1 Be8 39. Rh1 Nf6 40. Bxe5 Ne4+ 41. Ke3 Bxb5 42. axb5 1-0

[Event "GER-ch34 V5 email"]
[Site "GER email"]
[Date "2002.03.23"]
[Round "?"]
[White "Glaser, Helmut F"]
[Black "Weber, Karlheinz"]
[Result "1/2-1/2"]
[WhiteElo "2316"]
[BlackElo "2238"]
[PlyCount "55"]
[EventDate "2002.03.23"]
[EventType "tourn (corr)"]
[EventRounds "10"]
[EventCountry "GER"]
[SourceTitle "Corr 2008"]
[Source "ChessBase"]
[SourceDate "2008.06.24"]
[SourceVersion "1"]
[SourceVersionDate "2008.06.24"]
[SourceQuality "1"]

1. Nf3 Nf6 2. c4 g6 3. Nc3 Bg7 4. e4 d6 5. d4 0-0 6. Be2 e5 7. Be3 Ng4 8. Bg5 f6 9. Bh4 g5 10. Bg3 Nh6 11. d5 f5 12. exf5 Nxf5 13. Ne4 h6 14. h4 g4 15. Nfd2 h5 16. Ng5 Nxg3 17. fxg3 Bf5 18. 0-0 Nd7 19. Nde4 Bxe4 20. Rxf8+ Qxf8 21. Nxe4 Nc5 22. Qb1 Qf5 23. Nxc5 Qxb1+ 24. Rxb1 dxc5 25. Bd3 e4 26. Bxe4 Bd4+ 27. Kh2 Kg7 28. Re1 1/2-1/2

[Event "GER-ch33 V02 email"]
[Site "GER email"]
[Date "2002.??.??"]
[Round "?"]
[White "Kuhn, Wilfried"]
[Black "Glaser, Helmut F"]
[Result "0-1"]
[WhiteElo "2183"]
[BlackElo "2265"]
[PlyCount "76"]
[EventDate "2002.??.??"]
[EventType "tourn (corr)"]
[EventRounds "12"]
[EventCountry "GER"]
[SourceTitle "Corr 2011"]
[Source "ChessBase"]
[SourceDate "2010.08.31"]
[SourceVersion "1"]
[SourceVersionDate "2010.08.31"]
[SourceQuality "1"]

1. e4 c5 2. Nf3 d6 3. d4 cxd4 4. Nxd4 Nf6 5. Nc3 a6 6. Bg5 e6 7. f4 Nbd7 8. Qf3 Qc7 9. 0-0-0 b5 10. Bxb5 axb5 11. Ndxb5 Qb8 12. e5 Ra5 13. Nd4 Bb7 14. Qh3 Nxe5 15. fxe5 Rxe5 16. Bxf6 gxf6 17. Rhe1 Qd8 18. Nf3 Rxe1 19. Nxe1 f5 20. Kb1 Bg7 21. Qd3 d5 22. Qb5+ Qd7 23. Qxd7+ Kxd7 24. Nb5 Rb8 25. g3 e5 26. c3 Ke7 27. Kc2 h5 28. b3 d4 29. Kb2 dxc3+ 30. Kxc3 h4 31. Nd6 e4+ 32. Kc4 Bc8 33. Nc2 hxg3 34. hxg3 Be5 35. Nxc8+ Rxc8+ 36. Kd5 Kf6 37. Ne3 Bxg3 38. Rh1 Bf2 0-1

[Event "GER-ch32 V05 email"]
[Site "GER email"]
[Date "2000.04.10"]
[Round "?"]
[White "Glaser, Helmut F"]
[Black "Koerber, Bernhard"]
[Result "1-0"]
[WhiteElo "2359"]
[BlackElo "2152"]
[PlyCount "73"]
[EventDate "2001.??.??"]
[EventType "tourn (corr)"]
[EventRounds "12"]
[EventCountry "GER"]
[SourceTitle "Corr 2011"]
[Source "ChessBase"]
[SourceDate "2010.08.31"]
[SourceVersion "1"]
[SourceVersionDate "2010.08.31"]
[SourceQuality "1"]

1. c4 Nf6 2. Nc3 d5 3. cxd5 Nxd5 4. g3 g6 5. Bg2 c6 6. Nf3 Bg7 7. d4 0-0 8. 0-0 Nxc3 9. bxc3 Qa5 10. Qb3 Nd7 11. Ba3 Re8 12. Bb4 Qh5 13. h3 Nb6 14. g4 Qb5 15. a4 Qxe2 16. Rfe1 Be6 17. Qb1 Qa6 18. Rxe6 fxe6 19. Bf1 Nc4 20. Ng5 c5 21. dxc5 Nd2 22. Bxa6 Nxb1 23. Bc4 Bf6 24. Nxe6 Nxc3 25. Ra3 Nd1 26. Nc7+ Kh8 27. Be2 Nb2 28. Bf3 Nc4 29. Rb3 a5 30. Be1 Rad8 31. Nxe8 Rxe8 32. Bd5 Nb2 33. Bxb7 Nxa4 34. c6 Nc5 35. Rb5 Ne4 36. Bxa5 Nd6 37. Rd5 1-0

[Event "GER-ch32 V05 email"]
[Site "GER email"]
[Date "2000.04.10"]
[Round "?"]
[White "Glaser, Helmut F"]
[Black "Kreuzer, Klaus"]
[Result "1-0"]
[WhiteElo "2359"]
[BlackElo "2225"]
[PlyCount "57"]
[EventDate "2001.??.??"]
[EventType "tourn (corr)"]
[EventRounds "12"]
[EventCountry "GER"]
[SourceTitle "Corr 2011"]
[Source "ChessBase"]
[SourceDate "2010.08.31"]
[SourceVersion "1"]
[SourceVersionDate "2010.08.31"]
[SourceQuality "1"]

1. c4 e6 2. Nc3 d5 3. d4 Be7 4. cxd5 exd5 5. Bf4 c6 6. Qc2 g6 7. f3 Nf6 8. Bh6 Bf5 9. Qd2 Nbd7 10. e3 Bd6 11. Nge2 Qe7 12. Ng3 Nh5 13. Nxh5 Qh4+ 14. Kd1 Qxh5 15. e4 dxe4 16. g4 Bxg4 17. fxg4 Qxg4+ 18. Be2 Qe6 19. d5 cxd5 20. Rc1 Be5 21. Nxd5 Rd8 22. Bc4 Qd6 23. Nc7+ Ke7 24. Qxd6+ Kxd6 25. Bxf7 Ke7 26. Bb3 Nc5+ 27. Nd5+ Kd6 28. Nc3 Nxb3 29. axb3 1-0

[Event "GER-ch32 V05 email"]
[Site "GER email"]
[Date "2000.04.10"]
[Round "?"]
[White "Haeussler, Rolf"]
[Black "Glaser, Helmut F"]
[Result "1/2-1/2"]
[WhiteElo "2120"]
[BlackElo "2359"]
[PlyCount "104"]
[EventDate "2001.??.??"]
[EventType "tourn (corr)"]
[EventRounds "12"]
[EventCountry "GER"]
[SourceTitle "Corr 2011"]
[Source "ChessBase"]
[SourceDate "2010.08.31"]
[SourceVersion "1"]
[SourceVersionDate "2010.08.31"]
[SourceQuality "1"]

1. e4 c6 2. d4 d5 3. exd5 cxd5 4. c4 Nf6 5. Nc3 e6 6. Nf3 Bb4 7. cxd5 Nxd5 8. Qc2 Nc6 9. Be2 0-0 10. 0-0 Re8 11. a3 Bf8 12. Rd1 Bd7 13. Bg5 f6 14. Nxd5 exd5 15. Be3 Na5 16. Bd3 g6 17. Nd2 Rc8 18. Qb1 b5 19. b4 Nc4 20. Bf4 Bg7 21. h3 f5 22. Nf3 Qb6 23. Qa2 Be6 24. Rac1 Bf7 25. Qa1 a5 26. Re1 Rxe1+ 27. Rxe1 Ra8 28. bxa5 Qxa5 29. Re7 Bf8 30. Rb7 Qa6 31. Rc7 Ra7 32. Bxc4 bxc4 33. Rxa7 Qxa7 34. a4 Bb4 35. Qd1 Be8 36. Qe2 Bxa4 37. Qe6+ Qf7 38. Qc8+ Bf8 39. Bd6 Bd7 40. Qc5 Bxd6 41. Qxd6 Qe6 42. Qc5 Be8 43. Ne5 f4 44. f3 g5 45. Qc7 h6 46. Kh2 Bf7 47. Qd8+ Kg7 48. Qc7 Qf5 49. Kg1 Qf6 50. Kh1 h5 51. Kg1 Qf5 52. Qe7 c3 1/2-1/2

[Event "GER-ch32 V05 email"]
[Site "GER email"]
[Date "2000.04.10"]
[Round "?"]
[White "Repp, Heinrich"]
[Black "Glaser, Helmut F"]
[Result "1/2-1/2"]
[WhiteElo "2263"]
[BlackElo "2359"]
[PlyCount "62"]
[EventDate "2001.??.??"]
[EventType "tourn (corr)"]
[EventRounds "12"]
[EventCountry "GER"]
[SourceTitle "Corr 2011"]
[Source "ChessBase"]
[SourceDate "2010.08.31"]
[SourceVersion "1"]
[SourceVersionDate "2010.08.31"]
[SourceQuality "1"]

1. e4 c6 2. d4 d5 3. Nc3 dxe4 4. Nxe4 Bf5 5. Ng3 Bg6 6. h4 h6 7. Nf3 Nd7 8. h5 Bh7 9. Bd3 Bxd3 10. Qxd3 e6 11. Bf4 Qa5+ 12. c3 Ngf6 13. a4 Nd5 14. Bd2 Qc7 15. c4 N5f6 16. Qe2 Bd6 17. Nf5 0-0 18. Nxd6 Qxd6 19. Bc3 Rfd8 20. b3 c5 21. Rh4 cxd4 22. Rxd4 Qb6 23. b4 e5 24. Rh4 a5 25. bxa5 Qb3 26. Qb2 Qxb2 27. Bxb2 Re8 28. Nd2 Rxa5 29. Bc3 Ra6 30. a5 Nc5 31. Rb1 Rc8 1/2-1/2

[Event "GER-ch32 V05 email"]
[Site "GER email"]
[Date "2000.04.10"]
[Round "?"]
[White "Schwetje, Reinhard"]
[Black "Glaser, Helmut F"]
[Result "0-1"]
[WhiteElo "2158"]
[BlackElo "2359"]
[PlyCount "98"]
[EventDate "2001.??.??"]
[EventType "tourn (corr)"]
[EventRounds "12"]
[EventCountry "GER"]
[SourceTitle "Corr 2011"]
[Source "ChessBase"]
[SourceDate "2010.08.31"]
[SourceVersion "1"]
[SourceVersionDate "2010.08.31"]
[SourceQuality "1"]

1. e4 c6 2. f4 d5 3. e5 c5 4. Nf3 Nc6 5. Bb5 Bg4 6. 0-0 e6 7. c4 Nge7 8. cxd5 Nxd5 9. Qa4 Nde7 10. Nc3 a6 11. Be2 b5 12. Qd1 Nf5 13. h3 Bxf3 14. Bxf3 Qd4+ 15. Rf2 Rc8 16. Bxc6+ Rxc6 17. Qf3 Qd7 18. d3 Be7 19. Be3 0-0 20. Rd2 f6 21. exf6 Bxf6 22. Bf2 e5 23. Ne4 Nd4 24. Qh5 Bd8 25. Qxe5 Bc7 26. Nxc5 Nf3+ 27. gxf3 Rg6+ 28. Bg3 Qc6 29. Qe1 Qxc5+ 30. d4 Qf5 31. Rg2 Qxh3 32. Qf2 Rd8 33. Rd1 Bb6 34. b3 h5 35. f5 Qxf5 36. Kh2 Re6 37. a4 h4 38. Bxh4 Rh6 39. Rg4 Rdd6 40. Re1 Rdg6 41. Rxg6 Rxg6 42. Re7 Kf8 43. Qe2 Bc7+ 44. Rxc7 Qf4+ 45. Kh3 Qxc7 46. axb5 Qd7+ 47. Kh2 Rh6 48. Kg3 Rh5 49. bxa6 g5 0-1